[Event "ch-POL Rapid"]
[Site "Zgierz POL"]
[Date "2017.01.08"]
[EventDate "2017.01.08"]
[Round "3.2"]
[Result "1/2-1/2"]
[White "Michal Mazurkiewicz"]
[Black "Jan-Krzysztof Duda"]
[WhiteElo "2215"]
[BlackElo "2684"]
[PlyCount "67"]

1. Nf3 Nf6 2. g3 d5 3. Bg2 c6 4. O-O Bf5 5. d3 e6 6. Nbd2 h6
7. b3 Be7 8. Bb2 O-O 9. a3 Bh7 10. Qe1 c5 11. e4 Nc6 12. Ne5
Nd4 13. Bxd4 cxd4 14. b4 Rc8 15. Ra2 Qc7 16. exd5 Nxd5
17. Bxd5 exd5 18. Nef3 Bf6 19. Nb3 Qb6 20. Qd2 Bf5 21. Re1
Rfe8 22. Rxe8+ Rxe8 23. Ra1 Bg4 24. Re1 Rxe1+ 25. Nxe1 Qe6
26. f3 Bh3 27. Kf2 g5 28. Qe2 b6 29. Qxe6 fxe6 30. f4 g4
31. Ng2 Kf7 32. b5 Bxg2 33. Kxg2 h5 34. a4 1/2-1/2

[Event "ch-POL Rapid"]
[Site "Zgierz POL"]
[Date "2017.01.08"]
[EventDate "2017.01.08"]
[Round "4.14"]
[Result "1-0"]
[White "Jan-Krzysztof Duda"]
[Black "Roman Tomaszewski"]
[WhiteElo "2684"]
[BlackElo "2297"]
[PlyCount "71"]

1. d4 Nf6 2. c4 g6 3. f3 d5 4. cxd5 Nxd5 5. e4 Nb6 6. Nc3 Bg7
7. Be3 Nc6 8. Bb5 Bd7 9. Nge2 O-O 10. O-O Nb4 11. Bd3 Nxd3
12. Qxd3 c6 13. b3 a5 14. a4 Nc8 15. Qd2 Re8 16. Rfd1 Nd6
17. Rab1 Bc8 18. d5 f5 19. dxc6 bxc6 20. Bd4 e5 21. Bc5 Nf7
22. Qe3 Qf6 23. b4 axb4 24. Rxb4 Ba6 25. Rb6 Reb8 26. Nd5 Qe6
27. Nc7 Qc8 28. Nxa8 Rxa8 29. Nc3 Nd8 30. exf5 gxf5 31. f4 Ne6
32. fxe5 f4 33. Qf3 Nxc5 34. Rxc6 Qe8 35. Rxc5 Bxe5 36. Rxe5
1-0

[Event "ch-POL Rapid"]
[Site "Zgierz POL"]
[Date "2017.01.08"]
[EventDate "2017.01.08"]
[Round "5.6"]
[Result "0-1"]
[White "Rafal Lubczynski"]
[Black "Jan-Krzysztof Duda"]
[WhiteElo "2418"]
[BlackElo "2684"]
[PlyCount "60"]

1. Nf3 Nf6 2. c4 g6 3. g3 Bg7 4. Bg2 O-O 5. O-O c5 6. d4 cxd4
7. Nxd4 Nc6 8. Nc3 Qa5 9. Nb3 Qh5 10. e4 Qxd1 11. Rxd1 d6
12. h3 Be6 13. Nd5 a5 14. Be3 a4 15. Nd4 Bxd5 16. cxd5 Nxd4
17. Bxd4 Nd7 18. Rac1 Rfc8 19. Bxg7 Kxg7 20. h4 Rxc1 21. Rxc1
Nc5 22. Kf1 a3 23. b3 Nd3 24. Rc2 Nb4 25. Rd2 Rc8 26. Ke2 Rc2
27. Rxc2 Nxc2 28. Kd3 Nb4+ 29. Kc4 Nxa2 30. b4 Nxb4 0-1

[Event "ch-POL Rapid"]
[Site "Zgierz POL"]
[Date "2017.01.08"]
[EventDate "2017.01.08"]
[Round "6.4"]
[Result "1-0"]
[White "Jan-Krzysztof Duda"]
[Black "Andrei Maksimenko"]
[WhiteElo "2684"]
[BlackElo "2481"]
[PlyCount "86"]

1. d4 d5 2. c4 dxc4 3. e4 Nf6 4. e5 Nd5 5. Bxc4 Nb6 6. Bd3 Nc6
7. Ne2 Bg4 8. f3 Be6 9. Nbc3 Qd7 10. Ne4 Bd5 11. Nc5 Qc8
12. a3 e6 13. Qc2 Bxc5 14. Qxc5 Qd7 15. Be3 O-O-O 16. b4 f6
17. a4 fxe5 18. a5 exd4 19. Nxd4 Na4 20. Rxa4 Nxd4 21. b5 Nf5
22. Qxa7 Qd6 23. Bf4 Qe7 24. O-O Bb3 25. Be4 Kd7 26. Raa1 Nd6
27. Bxd6 Qxd6 28. Qxb7 Bd5 29. Bxd5 exd5 30. Rad1 Ke6 31. b6
Rd7 32. Rfe1+ Kf7 33. bxc7 Qc5+ 34. Kh1 Rxc7 35. Qxd5+ Qxd5
36. Rxd5 Re8 37. Rdd1 Ra8 38. Rd5 Re8 39. Ra1 Re2 40. h3 Rcc2
41. Rg5 Ra2 42. Rxa2 Rxa2 43. Rb5 Kf6 1-0

[Event "ch-POL Rapid"]
[Site "Zgierz POL"]
[Date "2017.01.08"]
[EventDate "2017.01.08"]
[Round "7.2"]
[Result "0-1"]
[White "Mateusz Bartel"]
[Black "Jan-Krzysztof Duda"]
[WhiteElo "2629"]
[BlackElo "2684"]
[PlyCount "94"]

1. e4 c5 2. Nf3 e6 3. d4 cxd4 4. Nxd4 Nc6 5. Nc3 Qc7 6. Qd3 a6
7. Nxc6 bxc6 8. Qg3 Qxg3 9. hxg3 d5 10. Bf4 Bb7 11. g4 Nf6
12. g5 Nd7 13. O-O-O g6 14. Na4 Bg7 15. c4 O-O 16. c5 f5
17. e5 Nxe5 18. Re1 Ng4 19. f3 e5 20. Bd2 Nf2 21. Rh2 f4
22. Re2 e4 23. Rxf2 e3 24. Re2 exd2+ 25. Kxd2 Rae8 26. Rxe8
Rxe8 27. b4 a5 28. b5 Re3 29. Bd3 cxb5 30. Bxb5 Ra3 31. Kc2
Bc8 32. Nb6 Bf5+ 33. Kd1 Rxa2 34. Nxd5 Bc2+ 35. Ke1 Bb3
36. Ne7+ Kf8 37. Rxh7 Bf7 38. Bd3 a4 39. c6 Bc3+ 40. Kf1 Ra1+
41. Kf2 Bd4+ 42. Ke2 Rc1 43. Bxg6 Bc4+ 44. Bd3 Rc2+ 45. Kd1
Bxd3 46. g6 a3 47. Nd5 Bxg6 0-1

[Event "ch-POL Rapid"]
[Site "Zgierz POL"]
[Date "2017.01.08"]
[EventDate "2017.01.08"]
[Round "8.2"]
[Result "1/2-1/2"]
[White "Kamil Miton"]
[Black "Jan-Krzysztof Duda"]
[WhiteElo "2612"]
[BlackElo "2684"]
[PlyCount "21"]

1. d4 Nf6 2. c4 e6 3. g3 c5 4. Nf3 cxd4 5. Nxd4 Bb4+ 6. Bd2
Bxd2+ 7. Qxd2 Ne4 8. Qc2 Qa5+ 9. Nd2 Nxd2 10. Qxd2 Nc6
11. Qxa5 1/2-1/2

[Event "ch-POL Rapid"]
[Site "Zgierz POL"]
[Date "2017.01.08"]
[EventDate "2017.01.08"]
[Round "9.1"]
[Result "1/2-1/2"]
[White "Jan-Krzysztof Duda"]
[Black "Bartosz Socko"]
[WhiteElo "2684"]
[BlackElo "2615"]
[PlyCount "139"]

1. d4 Nf6 2. c4 e6 3. Nf3 d5 4. Nc3 Bb4 5. cxd5 exd5 6. Bg5 h6
7. Bh4 Nbd7 8. e3 g5 9. Bg3 Ne4 10. Nd2 Nxg3 11. hxg3 Nb6
12. Bd3 Be6 13. Qc2 Qd7 14. O-O-O O-O-O 15. Kb1 Kb8 16. Nb3
Na4 17. Nxa4 Qxa4 18. Rh2 Bf8 19. Rc1 Bd6 20. Rch1 Bf8 21. Bf5
Qd7 22. g4 b6 23. Nc1 Bg7 24. Rh3 Rc8 25. Bxe6 fxe6 26. Nd3
Qb5 27. a4 Qd7 28. g3 c5 29. dxc5 e5 30. Qb3 Qxg4 31. cxb6 Qc4
32. Qxc4 Rxc4 33. bxa7+ Kxa7 34. Rc1 Rb8 35. e4 Rxc1+ 36. Nxc1
dxe4 37. Rh1 Bf8 38. Ka2 Rd8 39. Re1 Rd4 40. Ne2 Rxa4+ 41. Kb3
Rb4+ 42. Kc2 Bc5 43. Rh1 Rb6 44. Nc3 Bxf2 45. Nxe4 Bd4 46. b3
g4 47. Rh4 Rg6 48. Kd3 Kb7 49. b4 Kb6 50. Kc4 Rc6+ 51. Kd5 Rg6
52. Rh1 Kb5 53. Rb1 Ra6 54. Nd6+ Kb6 55. Rh1 Ra4 56. Kc4 Ra3
57. Ne4 Be3 58. Rh4 Ra1 59. Rxg4 Rc1+ 60. Kd5 Bd4 61. Rg8 Kb5
62. Rb8+ Ka4 63. Nc5+ Bxc5 64. bxc5 e4 65. c6 e3 66. Rb2 Rd1+
67. Kc4 Rd2 68. Rb1 Rc2+ 69. Kd3 Rxc6 70. Ke4 1/2-1/2

[Event "Bundesliga 2016/17"]
[Site "Bremen GER"]
[Date "2017.04.08"]
[EventDate "2016.10.15"]
[Round "11.7"]
[Result "1/2-1/2"]
[White "Ernesto Inarkiev"]
[Black "Jan-Krzysztof Duda"]
[WhiteElo "2732"]
[BlackElo "2678"]
[PlyCount "95"]

1. e4 e5 2. Nf3 Nc6 3. Bb5 a6 4. Ba4 Nf6 5. O-O Be7 6. d3 b5
7. Bb3 d6 8. a3 O-O 9. Nc3 Nb8 10. Ne2 Nbd7 11. Ng3 Nc5
12. Ba2 Be6 13. Re1 Bxa2 14. Rxa2 g6 15. d4 Ncd7 16. b3 c5
17. dxe5 dxe5 18. Bb2 Qb8 19. c4 Re8 20. Ba1 Bd8 21. Qc2 Qb7
22. a4 Rb8 23. axb5 axb5 24. Rd1 Bc7 25. Ne2 bxc4 26. bxc4
Qxe4 27. Qxe4 Nxe4 28. Ra7 Rec8 29. Nc3 Nxc3 30. Bxc3 Nb6
31. Bxe5 Bxe5 32. Nxe5 Ra8 33. Rb7 Rab8 34. Ra7 Ra8 35. Rda1
Rxa7 36. Rxa7 Re8 37. f4 f6 38. Ng4 Re6 39. Nh6+ Kh8 40. g4
Re4 41. h4 Rxf4 42. Rb7 Nxc4 43. Rb8+ Kg7 44. g5 fxg5 45. hxg5
Rf8 46. Rb7+ Kh8 47. Nf7+ Kg8 48. Nh6+ 1/2-1/2

[Event "Bundesliga 2016/17"]
[Site "Bremen GER"]
[Date "2017.04.09"]
[EventDate "2016.10.15"]
[Round "12.8"]
[Result "0-1"]
[White "Jan-Krzysztof Duda"]
[Black "Zoltan Almasi"]
[WhiteElo "2678"]
[BlackElo "2702"]
[PlyCount "94"]

1. Nf3 Nf6 2. c4 b6 3. g3 c5 4. Bg2 Bb7 5. O-O g6 6. b3 Bg7
7. Bb2 O-O 8. Re1 Nc6 9. e4 d6 10. d4 Nd7 11. Qd2 e5 12. dxc5
dxc5 13. Nc3 Re8 14. Nd5 Nf8 15. Rf1 Ne6 16. Ne1 Ned4 17. Nd3
Ne7 18. Rac1 Nxd5 19. cxd5 a5 20. Bxd4 cxd4 21. f4 Ba6 22. Rf2
Bh6 23. Nxe5 Rxe5 24. Qxd4 Re8 25. d6 Rc8 26. Rfc2 Rxc2
27. Rxc2 Bf8 28. e5 Qd7 29. h3 Qf5 30. Rc7 Rc8 31. Qxb6 Rxc7
32. Qxc7 Bc8 33. Kh2 Be6 34. Qc3 g5 35. fxg5 Qxg5 36. Qd3 Bg7
37. h4 Qf5 38. Be4 Qf2+ 39. Bg2 Qf5 40. Be4 Qh3+ 41. Kg1 Bxe5
42. Bxh7+ Kg7 43. Be4 Qxg3+ 44. Qxg3+ Bxg3 45. d7 Bxd7 46. a3
Bxh4 47. b4 a4 0-1

[Event "European Individual Chess Championship"]
[Site "Minsk BLR"]
[Date "2017.05.30"]
[EventDate "2017.05.30"]
[Round "1.13"]
[Result "1/2-1/2"]
[White "Aram Hakobyan"]
[Black "Jan-Krzysztof Duda"]
[WhiteElo "2449"]
[BlackElo "2693"]
[PlyCount "46"]

1. d4 Nf6 2. c4 g6 3. Nc3 Bg7 4. g3 c5 5. Nf3 O-O 6. Bg2 cxd4
7. Nxd4 Nc6 8. O-O Qa5 9. e3 d6 10. Bd2 Bd7 11. Nd5 Qd8
12. Nxf6+ Bxf6 13. Bc3 Nxd4 14. Bxd4 Bxd4 15. exd4 e6 16. Qd2
Rc8 17. Rac1 b6 18. Rfd1 Qe7 19. c5 dxc5 20. dxc5 Bc6 21. Bxc6
Rxc6 22. cxb6 Rxc1 23. Qxc1 axb6 1/2-1/2

[Event "European Individual Chess Championship"]
[Site "Minsk BLR"]
[Date "2017.06.02"]
[EventDate "2017.05.30"]
[Round "4.87"]
[Result "1-0"]
[White "Jan-Krzysztof Duda"]
[Black "Boris Kharchenko"]
[WhiteElo "2693"]
[BlackElo "2468"]
[PlyCount "47"]

1. d4 d5 2. c4 c6 3. Nc3 Nf6 4. e3 a6 5. Qc2 b5 6. b3 Bg4
7. Nge2 e6 8. Ng3 Bd6 9. h3 Bh5 10. Nxh5 Nxh5 11. g4 Nf6
12. g5 Ng8 13. h4 h6 14. e4 dxe4 15. Bg2 hxg5 16. hxg5 Rxh1+
17. Bxh1 bxc4 18. bxc4 Ne7 19. Nxe4 Bc7 20. Kf1 Nd7 21. Ba3
Kf8 22. g6 f6 23. Qe2 Bf4 24. Qg4 1-0

[Event "European Individual Chess Championship"]
[Site "Minsk BLR"]
[Date "2017.06.03"]
[EventDate "2017.05.30"]
[Round "5.42"]
[Result "0-1"]
[White "Antonios Pavlidis"]
[Black "Jan-Krzysztof Duda"]
[WhiteElo "2539"]
[BlackElo "2693"]
[PlyCount "118"]

1. e4 c5 2. Nf3 Nf6 3. e5 Nd5 4. Nc3 Nxc3 5. dxc3 Nc6 6. Bf4
e6 7. Qd2 h6 8. h4 Qc7 9. O-O-O a6 10. Bd3 b5 11. Be4 Bb7
12. Qe3 Ne7 13. Kb1 c4 14. Rhe1 Bxe4 15. Qxe4 Qc6 16. Bc1 Qxe4
17. Rxe4 h5 18. b3 Nd5 19. Bb2 Rc8 20. bxc4 bxc4 21. Nd2 Nb6
22. a4 a5 23. Ka2 Rh6 24. Rb1 f5 25. Rd4 Be7 26. g3 Rg6
27. Ba1 Bc5 28. Nxc4 Nxc4 29. Rxc4 Rg4 30. Rxg4 hxg4 31. Rf1
g6 32. Bb2 d6 33. c4 Kd7 34. Bc3 dxe5 35. Bxe5 Kc6 36. f3 gxf3
37. Rxf3 Bd6 38. Re3 Bxe5 39. Rxe5 Kd6 40. Rxa5 Rxc4 41. Ra6+
Ke5 42. Kb2 Rg4 43. Ra5+ Kd6 44. Ra6+ Ke5 45. Ra5+ Kf6 46. Ra8
Rxg3 47. a5 Rg4 48. a6 Ke5 49. a7 Rb4+ 50. Kc3 Rb7 51. Kd2 Kf4
52. Rg8 Rxa7 53. Rxg6 e5 54. h5 e4 55. Rg1 e3+ 56. Ke2 Rc7
57. Rh1 Rxc2+ 58. Kd3 Rd2+ 59. Kc3 Rd7 0-1

[Event "European Individual Chess Championship"]
[Site "Minsk BLR"]
[Date "2017.06.05"]
[EventDate "2017.05.30"]
[Round "6.19"]
[Result "1/2-1/2"]
[White "Benjamin Bok"]
[Black "Jan-Krzysztof Duda"]
[WhiteElo "2598"]
[BlackElo "2693"]
[PlyCount "53"]

1. e4 c5 2. Nf3 e6 3. d4 cxd4 4. Nxd4 Nc6 5. Nc3 Qc7 6. Be3 a6
7. Qf3 d6 8. Nxc6 Qxc6 9. Qg3 Nf6 10. Bd3 b5 11. f3 Bb7
12. O-O-O Rc8 13. Kb1 b4 14. Ne2 Qc7 15. c3 bxc3 16. Nxc3 Be7
17. Rc1 Qa5 18. Qf2 Nd7 19. Rhd1 O-O 20. Qd2 Qd8 21. Bf1 Nc5
22. Bf4 Rc6 23. e5 dxe5 24. Qxd8 Rxd8 25. Rxd8+ Bxd8 26. Bxe5
Kf8 27. Rd1 1/2-1/2

[Event "European Individual Chess Championship"]
[Site "Minsk BLR"]
[Date "2017.06.06"]
[EventDate "2017.05.30"]
[Round "7.25"]
[Result "1-0"]
[White "Jan-Krzysztof Duda"]
[Black "Josep Manuel Lopez Martinez"]
[WhiteElo "2693"]
[BlackElo "2597"]
[PlyCount "135"]

1. e4 e6 2. d4 d5 3. Nd2 h6 4. c3 c5 5. exd5 exd5 6. Ngf3 Nf6
7. Bb5+ Bd7 8. Qe2+ Be7 9. dxc5 O-O 10. Nb3 Re8 11. Be3 a6
12. Bd3 Ba4 13. Nfd4 Nbd7 14. O-O Bxb3 15. axb3 Bxc5 16. Qd1
Qc7 17. Re1 Bd6 18. g3 Ne5 19. Be2 Rad8 20. Kg2 Qd7 21. Nf3
Nc6 22. Bf1 Qc7 23. Nd4 Ne5 24. f3 Bc5 25. Bf2 Bb6 26. Qd2 Nc6
27. Rec1 Bxd4 28. cxd4 Qb6 29. Rc3 Re7 30. Be2 Ne8 31. Bd1 Nc7
32. Rac1 Rde8 33. Rc5 a5 34. f4 f5 35. h4 Nb4 36. Bf3 Kh8
37. h5 Nb5 38. Bxd5 Nxd5 39. Rxd5 Re2 40. Qd3 Nd6 41. Rc2 R8e3
42. Qxe2 Rxe2 43. Rxe2 Qc6 44. Re5 Kh7 45. Kg1 b6 46. Rxd6
Qxd6 47. d5 Qb4 48. Re2 b5 49. Kf1 Qxb3 50. Rd2 Qc4+ 51. Ke1
Qe4+ 52. Kd1 Qf3+ 53. Kc1 b4 54. d6 b3 55. Be1 Qh1 56. Kd1
Qxh5+ 57. Re2 Qf7 58. Bc3 Qd5+ 59. Rd2 Qh1+ 60. Ke2 Qg2+
61. Ke3 Qxg3+ 62. Kd4 Qxf4+ 63. Kc5 a4 64. d7 Qe3+ 65. Kb5 a3
66. d8=Q a2 67. Qd7 Qxd2 68. Qxg7# 1-0

[Event "World Team Chess Championship"]
[Site "Khanty-Mansiysk RUS"]
[Date "2017.06.17"]
[EventDate "2017.06.17"]
[Round "1.2"]
[Result "1-0"]
[White "Jan-Krzysztof Duda"]
[Black "Baskaran Adhiban"]
[WhiteElo "2697"]
[BlackElo "2670"]
[PlyCount "131"]

1. d4 d5 2. c4 c6 3. Nc3 Nf6 4. e3 e6 5. Nf3 Nbd7 6. Qc2 Bd6
7. Bd3 O-O 8. O-O dxc4 9. Bxc4 e5 10. h3 Qe7 11. Bb3 Bc7
12. Bd2 h6 13. Rad1 Re8 14. Nh4 Nf8 15. Nf5 Bxf5 16. Qxf5 e4
17. h4 Rad8 18. a3 Qd7 19. Qxd7 N8xd7 20. g3 Nb6 21. Kg2 h5
22. Rc1 g6 23. Rc2 Re7 24. Ba2 Bd6 25. Rb1 Red7 26. b4 Bf8
27. Kf1 a6 28. Ke2 Kg7 29. Be1 Re8 30. Rbb2 Ng4 31. Nb1 f5
32. Bb3 Nf6 33. Nd2 Nfd5 34. Rb1 Kf6 35. Ba2 g5 36. hxg5+ Kxg5
37. Nb3 Nf6 38. Bd2 Rh7 39. Na5 Ree7 40. Rh1 h4 41. gxh4+ Rxh4
42. Rxh4 Kxh4 43. Rc1 Kg5 44. Rh1 Bg7 45. Nb3 Nbd5 46. Nc5 f4
47. Rg1+ Kf5 48. exf4 Bh6 49. Bb1 b6 50. Nxe4 Bxf4 51. Kd1
Bxd2 52. Ng5+ Ne4 53. Bxe4+ Rxe4 54. Nxe4 Kxe4 55. Kxd2 Kxd4
56. Rg4+ Ke5 57. Rg6 Nf6 58. Kd3 Kf5 59. Rg7 Ng4 60. Kd4 Ne5
61. Ra7 c5+ 62. bxc5 Nc6+ 63. Kd5 Nxa7 64. cxb6 Nc8 65. b7
Ne7+ 66. Kc5 1-0

[Event "World Team Chess Championship"]
[Site "Khanty-Mansiysk RUS"]
[Date "2017.06.18"]
[EventDate "2017.06.17"]
[Round "2.4"]
[Result "1/2-1/2"]
[White "Alexander Onischuk"]
[Black "Jan-Krzysztof Duda"]
[WhiteElo "2685"]
[BlackElo "2697"]
[PlyCount "45"]

1. d4 d5 2. c4 c6 3. e3 Nf6 4. Nf3 e6 5. Nbd2 Nbd7 6. Bd3 Bd6
7. O-O O-O 8. e4 e5 9. cxd5 cxd5 10. Re1 h6 11. exd5 exd4
12. Nc4 Nb6 13. Nxd6 Qxd6 14. Nxd4 Nbxd5 15. Bf1 Rd8 16. Nb5
Qb6 17. Qf3 Bd7 18. Nc3 Bc6 19. Nxd5 Rxd5 20. b3 Re5 21. Qc3
Ng4 22. Be3 Nxe3 23. Qxe5 1/2-1/2

[Event "World Team Chess Championship"]
[Site "Khanty-Mansiysk RUS"]
[Date "2017.06.21"]
[EventDate "2017.06.17"]
[Round "5.4"]
[Result "1/2-1/2"]
[White "Jan-Krzysztof Duda"]
[Black "Anton Korobov"]
[WhiteElo "2697"]
[BlackElo "2711"]
[PlyCount "57"]

1. e4 e6 2. d4 d5 3. Nd2 c5 4. exd5 exd5 5. Ngf3 Nc6 6. Bb5
Bd6 7. O-O Ne7 8. dxc5 Bxc5 9. Nb3 Bb6 10. Re1 O-O 11. Be3 Bg4
12. Bxb6 Qxb6 13. Bxc6 Nxc6 14. Qxd5 Nb4 15. Qe4 Bxf3 16. gxf3
Rad8 17. Rad1 h6 18. a3 Nc6 19. Kg2 Qb5 20. h4 Qb6 21. Rxd8
Rxd8 22. Qf4 Qb5 23. Re4 Qd5 24. Qe3 Rd6 25. Qd3 Qxd3 26. cxd3
Rxd3 27. Nc5 Rd2 28. Nxb7 Rxb2 29. Nd8 1/2-1/2

[Event "World Team Chess Championship"]
[Site "Khanty-Mansiysk RUS"]
[Date "2017.06.23"]
[EventDate "2017.06.17"]
[Round "6.2"]
[Result "1-0"]
[White "Ian Nepomniachtchi"]
[Black "Jan-Krzysztof Duda"]
[WhiteElo "2732"]
[BlackElo "2697"]
[PlyCount "83"]

1. e4 c5 2. Nf3 d6 3. d4 cxd4 4. Nxd4 Nf6 5. Nc3 a6 6. Bd3 Nc6
7. Nxc6 bxc6 8. O-O g6 9. Kh1 Bg7 10. f4 O-O 11. f5 Bb7
12. Qe1 Nd7 13. Bg5 Ne5 14. Rd1 a5 15. Be2 a4 16. Qh4 Re8
17. h3 Qc7 18. Qg3 Ba6 19. Bxa6 Rxa6 20. f6 h6 21. Bh4 Bh8
22. Qf2 g5 23. Bg3 Bxf6 24. Bxe5 dxe5 25. Qe2 Raa8 26. Qh5
Red8 27. Qxh6 Qb6 28. Rf3 Rxd1+ 29. Nxd1 Rd8 30. Ne3 Qxb2
31. Rf1 Qxa2 32. Rxf6 Rd1+ 33. Kh2 Qa1 34. Qxg5+ Kf8 35. Rh6
Rh1+ 36. Kg3 Qe1+ 37. Kf3 Ke8 38. Rh8+ Kd7 39. Qf5+ Kd6
40. Rd8+ Kc7 41. Qd7+ Kb6 42. Rb8+ 1-0

[Event "World Team Chess Championship"]
[Site "Khanty-Mansiysk RUS"]
[Date "2017.06.24"]
[EventDate "2017.06.17"]
[Round "7.5"]
[Result "1-0"]
[White "Jan-Krzysztof Duda"]
[Black "Frode Olav Olsen Urkedal"]
[WhiteElo "2697"]
[BlackElo "2541"]
[PlyCount "65"]

1. d4 Nf6 2. c4 e6 3. Nc3 Bb4 4. e3 b6 5. Nge2 c5 6. a3 Ba5
7. Rb1 Na6 8. g3 Bb7 9. d5 b5 10. Bg2 bxc4 11. O-O O-O 12. e4
exd5 13. exd5 d6 14. h3 Nc7 15. g4 Nd7 16. Bf4 Bxc3 17. Nxc3
Nb6 18. Qd2 Qd7 19. Rbd1 Rad8 20. Rfe1 a6 21. Re3 Rfe8 22. Rg3
Nb5 23. h4 Nxc3 24. bxc3 Rb8 25. h5 Bc8 26. Rb1 Rb7 27. h6 g6
28. Re1 Rf8 29. Rge3 Qd8 30. Qe2 Qf6 31. Re8 Nd7 32. Qe3 Rb3
33. g5 1-0

[Event "World Team Chess Championship"]
[Site "Khanty-Mansiysk RUS"]
[Date "2017.06.25"]
[EventDate "2017.06.17"]
[Round "8.1"]
[Result "1/2-1/2"]
[White "Jan-Krzysztof Duda"]
[Black "Vladislav Kovalev"]
[WhiteElo "2697"]
[BlackElo "2641"]
[PlyCount "94"]

1. Nf3 Nf6 2. g3 g6 3. Bg2 Bg7 4. O-O O-O 5. c4 d6 6. Nc3 e5
7. b4 Nc6 8. b5 Nd4 9. Bb2 Bg4 10. Ne1 Qc8 11. d3 a6 12. Nc2
Nxc2 13. Qxc2 axb5 14. cxb5 Bh3 15. a4 Bxg2 16. Kxg2 d5
17. Rfc1 Bh6 18. e3 d4 19. Ne4 Nd5 20. Qb3 c6 21. Rc5 dxe3
22. Bc1 Qe6 23. Qc4 Rfc8 24. a5 Bf8 25. bxc6 bxc6 26. Bxe3
Nxe3+ 27. fxe3 Bxc5 28. Qxe6 fxe6 29. Nxc5 Rd8 30. a6 Kf7
31. Kf3 Rd5 32. Rc1 Ke7 33. Ke4 Kd6 34. Nb7+ Kc7 35. Nc5 Kd6
36. Nb7+ Kc7 37. Nc5 Re8 38. Na4 Rb5 39. Nc5 Kd6 40. Nb7+ Kc7
41. Nc5 Kb6 42. Nd7+ Kxa6 43. Rxc6+ Kb7 44. Rc2 Rc8 45. Rf2
Kc6 46. Nxe5+ Kd6 47. d4 Rb7 1/2-1/2

[Event "World Team Chess Championship"]
[Site "Khanty-Mansiysk RUS"]
[Date "2017.06.26"]
[EventDate "2017.06.17"]
[Round "9.5"]
[Result "1/2-1/2"]
[White "Yu Yangyi"]
[Black "Jan-Krzysztof Duda"]
[WhiteElo "2749"]
[BlackElo "2697"]
[PlyCount "60"]

1. d4 d5 2. c4 c6 3. Nf3 Nf6 4. Nc3 dxc4 5. a4 e6 6. e3 c5
7. Bxc4 Nc6 8. O-O cxd4 9. Nxd4 Bd7 10. e4 Nxd4 11. Qxd4 Bc6
12. Qe3 Be7 13. e5 Nd7 14. Qg3 g6 15. Rd1 a6 16. Bh6 Qa5
17. Bf1 Bf8 18. Bxf8 Kxf8 19. f4 Qb6+ 20. Qf2 Qxf2+ 21. Kxf2
Ke7 22. b4 Rhc8 23. Rac1 Nb6 24. a5 Nd7 25. Re1 h6 26. Bd3 g5
27. f5 exf5 28. Bxf5 Rd8 29. Rcd1 Nf8 30. Ne2 Ne6 1/2-1/2

[Event "World Cup"]
[Site "Tbilisi GEO"]
[Date "2017.09.03"]
[EventDate "2017.09.03"]
[Round "1.1"]
[Result "0-1"]
[White "Levan Pantsulaia"]
[Black "Jan-Krzysztof Duda"]
[WhiteElo "2585"]
[BlackElo "2707"]
[PlyCount "128"]

1. c4 Nf6 2. Nf3 g6 3. g3 Bg7 4. Bg2 O-O 5. O-O c6 6. d4 d5
7. b3 dxc4 8. bxc4 c5 9. Bb2 cxd4 10. Nxd4 Qb6 11. Qb3 Na6
12. e3 Rd8 13. Nc3 Nc5 14. Qa3 Bd7 15. Rab1 Rac8 16. Nd5 Nxd5
17. cxd5 Na4 18. Ba1 Qc5 19. Qxc5 Nxc5 20. Bb2 Kf8 21. Ba3 b6
22. Rfc1 Bxd4 23. exd4 Nb7 24. Bf1 Bf5 25. Rxc8 Rxc8 26. Re1
Nd6 27. Bb4 Rc2 28. a4 Rb2 29. Ba3 Ra2 30. Bc1 f6 31. Bb5 Nxb5
32. axb5 g5 33. h4 h6 34. Re3 Ra1 35. Rc3 Be4 36. d6 exd6
37. Kf1 Bf5 38. Kg2 Ke7 39. Ba3 Kd7 40. f3 Ra2+ 41. Kg1 Rc2
42. Re3 gxh4 43. gxh4 Rd2 44. Bb4 Rb2 45. Bc3 Rxb5 46. d5 Rxd5
47. Bxf6 Be6 48. Kf2 a5 49. Ra3 h5 50. Ke3 Rb5 51. Bd4 Kc6
52. Rc3+ Kb7 53. Bf6 Rc5 54. Rd3 Kc6 55. Be7 Bd5 56. f4 b5
57. f5 b4 58. f6 Kd7 59. Bf8 Ke6 60. f7 Rc7 61. Bxd6 Rxf7
62. Bg3 b3 63. Kd2 b2 64. Re3+ Kf5 0-1

[Event "World Cup"]
[Site "Tbilisi GEO"]
[Date "2017.09.04"]
[EventDate "2017.09.03"]
[Round "1.2"]
[Result "1-0"]
[White "Jan-Krzysztof Duda"]
[Black "Levan Pantsulaia"]
[WhiteElo "2707"]
[BlackElo "2585"]
[PlyCount "69"]

1. e4 g6 2. d4 Bg7 3. Nf3 d6 4. c3 Nf6 5. Bd3 O-O 6. O-O Nc6
7. Nbd2 e5 8. dxe5 Nxe5 9. Nxe5 dxe5 10. Qc2 Qe7 11. Nf3 a5
12. Rd1 b6 13. Bg5 h6 14. Bh4 Bb7 15. Nd2 Rad8 16. f3 Bc8
17. Nc4 Qe6 18. Ne3 Qc6 19. c4 Rfe8 20. c5 Bf8 21. cxb6 Qxb6
22. Kh1 g5 23. Nc4 Qe6 24. Bf2 g4 25. Be2 gxf3 26. Bxf3 Nh7
27. Nxa5 Ng5 28. Nc4 Rxd1+ 29. Rxd1 Bb7 30. Bh4 Nxf3 31. gxf3
f5 32. Rg1+ Kh8 33. Qg2 Kh7 34. Nxe5 fxe4 35. Bf6 1-0

[Event "World Cup"]
[Site "Tbilisi GEO"]
[Date "2017.09.06"]
[EventDate "2017.09.03"]
[Round "2.1"]
[Result "1/2-1/2"]
[White "Jan-Krzysztof Duda"]
[Black "Vassily Ivanchuk"]
[WhiteElo "2698"]
[BlackElo "2727"]
[PlyCount "41"]

1. e4 e6 2. d4 d5 3. Nc3 dxe4 4. Nxe4 Nd7 5. g3 Ngf6 6. Nxf6+
Nxf6 7. Bg2 e5 8. Nf3 exd4 9. Qxd4 Be7 10. Bf4 O-O 11. O-O-O
c6 12. Rhe1 Qxd4 13. Nxd4 Bc5 14. Bg5 Bb6 15. c3 Bd7 16. Bxf6
gxf6 17. Be4 Rfd8 18. f3 Be6 19. Nxe6 fxe6 20. Rxd8+ Rxd8
21. Rd1 1/2-1/2

[Event "World Cup"]
[Site "Tbilisi GEO"]
[Date "2017.09.07"]
[EventDate "2017.09.03"]
[Round "2.2"]
[Result "1/2-1/2"]
[White "Vassily Ivanchuk"]
[Black "Jan-Krzysztof Duda"]
[WhiteElo "2727"]
[BlackElo "2698"]
[PlyCount "34"]

1. Nf3 d5 2. d4 Nf6 3. c4 c6 4. e3 e6 5. Nc3 Nbd7 6. Qc2 Bd6
7. b3 O-O 8. Be2 b6 9. O-O Bb7 10. Bb2 Qe7 11. Rad1 Rad8
12. Rfe1 Rfe8 13. h3 h6 14. Qb1 Bb4 15. Rf1 Bd6 16. Rfe1 Bb4
17. Rf1 Bd6 1/2-1/2

[Event "World Cup"]
[Site "Tbilisi GEO"]
[Date "2017.09.08"]
[EventDate "2017.09.03"]
[Round "2.3"]
[Result "1/2-1/2"]
[White "Jan-Krzysztof Duda"]
[Black "Vassily Ivanchuk"]
[WhiteElo "2707"]
[BlackElo "2728"]
[PlyCount "150"]

1. e4 c6 2. d4 d5 3. Nc3 dxe4 4. Nxe4 Nd7 5. Ng5 Ngf6 6. Bd3
e6 7. N1f3 Bd6 8. Qe2 h6 9. Ne4 Nxe4 10. Qxe4 Qc7 11. O-O b6
12. Qg4 Kf8 13. Re1 c5 14. Qh4 Bb7 15. Be4 Be7 16. Qh3 Bxe4
17. Rxe4 Rd8 18. c3 Qb7 19. Re2 Kg8 20. Bf4 Nf8 21. Rae1 Ng6
22. Bc1 cxd4 23. Nxd4 Kh7 24. Qf3 Qxf3 25. Nxf3 Rd7 26. g3 Rc8
27. h4 h5 28. Kf1 Kg8 29. Rd2 Rdc7 30. Rd3 Kf8 31. Bd2 Ke8
32. Bg5 f6 33. Be3 Kf7 34. Red1 b5 35. Rd7 Nf8 36. Rxc7 Rxc7
37. Ke2 Nd7 38. Kd3 a6 39. Ra1 Bc5 40. a4 b4 41. cxb4 Bxb4
42. Rc1 Rxc1 43. Bxc1 Bc5 44. Ke2 e5 45. Bd2 Ke6 46. Be1 Kd5
47. b3 e4 48. Nd2 Ne5 49. f3 f5 50. fxe4+ fxe4 51. Nf1 Nd3
52. Bc3 Nc1+ 53. Kd1 Nxb3 54. Bxg7 e3 55. Bb2 Ke4 56. Ke2 Bd4
57. Ba3 a5 58. g4 hxg4 59. Ng3+ Ke5 60. Nf1 Kf4 61. Bd6+ Ke4
62. Ng3+ Kd5 63. Bc7 Kc6 64. Bf4 Nc1+ 65. Kd1 Nd3 66. Bg5 Kd5
67. h5 Nf2+ 68. Ke2 Ne4 69. Nxe4 Kxe4 70. h6 g3 71. h7 g2
72. Bxe3 Bxe3 73. h8=Q g1=Q 74. Qh1+ Kd4 75. Qe4+ Kxe4 1/2-1/2

[Event "World Cup"]
[Site "Tbilisi GEO"]
[Date "2017.09.08"]
[EventDate "2017.09.03"]
[Round "2.4"]
[Result "1/2-1/2"]
[White "Vassily Ivanchuk"]
[Black "Jan-Krzysztof Duda"]
[WhiteElo "2728"]
[BlackElo "2707"]
[PlyCount "65"]

1. c4 Nf6 2. Nf3 c6 3. Nc3 d5 4. e3 Nbd7 5. Qc2 e6 6. b3 Bd6
7. Bb2 O-O 8. Be2 Qe7 9. O-O b6 10. cxd5 cxd5 11. Nb5 Ba6
12. Qd1 Bxb5 13. Bxb5 a6 14. Be2 Ba3 15. Qc1 Bxb2 16. Qxb2
Rfc8 17. Rfc1 a5 18. Rc2 Rxc2 19. Qxc2 Qc5 20. Rc1 Rc8
21. Qxc5 Rxc5 22. Rxc5 Nxc5 23. Kf1 Kf8 24. Ne5 Ke7 25. Ke1
Ncd7 26. Nc6+ Kd6 27. Nd4 g6 28. f4 Ne4 29. Bd3 Nec5 30. Bb5
f6 31. Nf3 Nf8 32. g4 e5 33. d4 1/2-1/2